000 00478nab a22001457 4500
003 ES-SlBCS
005 20210327224141.0
008 160426b2016 sp ||||| |||| 00| 0 spa d
040 _aES-SlBCS
_bspa
041 _aspa
100 1 _aRinger, Christophe D.
_9106370
245 1 0 _aEnredo de peligros: el dilema escatológico de las familias negras en Norteamérica
_cChristopheD. Ringer
773 0 _gNúm. 365, 2016, págs. 99-112
_tConcilium
_wRev134
_x0210-1041
942 _2lcc
_cAR
999 _c467676
_d467676